Indo-European Languages of the Soviet Union - Simplified - Statistics

General Stats
  • This quiz has been taken 10 times
  • The average score is 34 of 55
Answer Stats
Hint Answer % Correct
Slavic - East Balachka Ukrainian
100%
Indo-Aryan - Romani Balkan Romani
100%
Indo-Aryan - Romani Baltic Romani
100%
Slavic - East Belarusian
100%
Indo-Aryan - Romani Central Romani
100%
Germanic - North Estonian Swedish
100%
Baltic Latvian
100%
Baltic Lithuanian
100%
Slavic - West Polish
100%
Slavic - East Pomor Russian
100%
Slavic - East Russian
100%
Baltic Samogitian
100%
Indo-Aryan - Romani Sinte Romani
100%
Slavic - East Ukrainian
100%
Indo-Aryan - Romani Vlax Romani
100%
Germanic - High - Rhine Franconian Volga German
100%
Slavic - South Bulgarian
90%
Armenian East Armenian
90%
Germanic - North Finnmark Norwegian
90%
Germanic - North Gammalsvenska (Ukrainian Swedish)
90%
Romance - Eastern - Romanian Moldovan
90%
Slavic - West Slovak
90%
Armenian West Armenian
90%
Albanoid Albanian
80%
Slavic - West Czech
80%
Slavic - East Rusyn
80%
Romance - Italo-Dalmatian Italian
70%
Iranian - West Kurmanji (Northern Kurdish)
70%
Romance - Italo-Dalmatian Neapolitan
70%
Iranian - West - Mixed Bukharian (Judeo-Tajik)
60%
Iranian - East - North Digiron Ossetian
60%
Iranian - East - North Iron Ossetian
60%
Iranian - West Tajik
60%
Germanic - Mixed High - Yiddish Eastern Yiddish
50%
Baltic Latgalian
50%
Hellenic - Attic Mariupol Pontic Greek
50%
Hellenic - Attic Pontic Greek
50%
Iranian - West - Mixed Juhuri (Judeo-Tat)
40%
Iranian - West Tat
40%
Germanic - North Sea - Low German Plautdietsch
30%
Iranian - West Talysh
20%
Iranian - East - South Bartangi
10%
Iranian - East - South Ishkashimi
10%
Mixed Armenian/Indo-Aryan Lomavren
10%
Indo-Aryan - Central Zone Parya
10%
Iranian - East - South Rushani
10%
Iranian - East - South Sanglechi
10%
Iranian - East - South Shugni
10%
Iranian - East - South Wakhi
10%
Iranian - East - North Yaghnobi
10%
Iranian - East - South Yazghulami
10%
Indo-Aryan - Domari Garachi
0%
Iranian - West - Mixed Ghorbati
0%
Armenian Homshetsi
0%
Iranian - East - South Khufi
0%
No matching quizzes found
Score Distribution
Percent of People with Each Score
Percentile by Number Answered
Your Score History
You have not taken this quiz